Bruxelles je t'aime Angèle - paroles - Statistiques

Statistiques générales
  • Ce quiz a été pris 509 fois
  • Le résultat moyen est 366 sur 492
Statistiques - réponses
Hint Réponse % Correct
à
96%
je
96%
l
96%
ma
96%
Bruxelles
95%
t'aime
95%
le
94%
d
93%
de
91%
tu
91%
Tu
91%
la
90%
les
90%
Les
90%
ne
89%
manqué
88%
français On
87%
on
87%
pas
87%
te
87%
moi
85%
belle
84%
plus
83%
t'es
83%
ville
83%
Et
82%
et
82%
me
82%
Paris
82%
mais
81%
Mais
81%
u
81%
jour
80%
n'a
80%
m'avais
79%
qu'à
79%
New-York
78%
se
78%
si
78%
du
77%
préférée
77%
quand
77%
Quand
77%
tours
77%
amour
74%
dès
74%
des
74%
lumière
74%
un
74%
toi
73%
dans
72%
m'appelle
72%
chez
71%
une
71%
veux
71%
année
70%
ce
70%
Ce
70%
histoire
70%
oui
70%
pense
70%
tout
70%
belles
69%
ciel
69%
pluie
69%
rentrer
69%
ni
68%
ca
67%
n'est
67%
vous
67%
en
66%
mois
66%
six
65%
mon
64%
Seine
64%
sont
64%
vois
64%
histoires
63%
pour
63%
gris
62%
vais
62%
j'ai
61%
J'ai
61%
manquent
61%
mes
61%
villes
61%
Beaubourg
60%
bon
60%
francais
59%
flamand
58%
voyez
58%
in
57%
mieux
57%
que
57%
t'oublie
57%
toutes
57%
elle
56%
langue
56%
sait
56%
gens
55%
qui
55%
sépare
55%
toujours
55%
choisir
54%
fête
54%
pire
54%
soir
54%
pays
53%
feront
52%
serait
52%
tempete
52%
vécu
52%
gagné
51%
nom
51%
cauchemars
50%
couvrira
49%
dois
49%
longue
49%
orage
49%
après
48%
avec
48%
habitude
47%
j'te
47%
qu'on
47%
dank
46%
premiers
44%
bières
42%
camps
41%
c'est
41%
même
41%
surement
41%
attitude
40%
Brussel
38%
espoir
38%
garder
38%
ait
36%
Saint-Gilles
34%
dur
33%
Laeken
32%
Marolles
28%
Flagey
23%
naam
21%
Laat
19%
Vlaams
17%
het
16%
mij
16%
zeggen
14%
voor
13%
mijn
12%
Aucun quiz correspondant
Distribution des résultats
% des personnes avec chaque résultat
Percentile par nombre de réponses
Votre historique - résultats
Vous n’avez pas pris ce quiz